[Event "Tourn. n8102"]
[Site "www.chess-mail.com"]
[Date "2015.04.27"]
[Round "1"]
[White "Neo"]
[Black "Jjmcbride"]
[WhiteElo "1710"]
[BlackElo "1810"]
[Result "1-0"]
[Round "1"]
1.d4 d5
2.e3 e6
3.Ng1f3 f6
4.Bf1d3 e5
5.Bd3e2 e4
6.Nf3d2 c5
7.dxc5 f5
8.g3 Bf8xc5
9.O-O f4
10.exf4 Bc8f5
11.Nd2b3 Bc5b6
12.Nb1c3 Ng8f6
13.Rf1e1 a6
14.Be2f1 O-O
15.Nb3d4 Bf5g4
16.Nc3e2 Nb8c6
17.c3 Bb6xd4
18.cxd4 Nc6xd4
19.Qd1xd4 Ra8c8
20.Bc1e3 Rc8c4
21.Qd4e5 Qd8d7
22.b3 Rc4c8
23.Ne2c1 Bg4h3
24.Bf1g2 Rc8e8
25.Qe5d4 Bh3g4
26.a4 Bg4f3
27.Bg2f1 Nf6g4
28.b4 Ng4xe3
29.Re1xe3 g5
30.fxg5 Bf3g4
31.Ra1a2 Bg4h5
32.b5 a5
33.b6 Qd7f5
34.Bf1b5 Re8e7
35.Nc1b3 Qf5xg5
36.Nb3xa5 Rf8f3
37.Re3xf3 Bh5xf3
38.Bb5f1 e3
39.fxe3 Re7xe3
40.Na5xb7 Re3e4
41.Qd4c5 Bf3g4
42.a5 Re4e6
43.Ra2f2 Re6e7
44.Nb7d6 Bg4e6
45.b7 Re7xb7
46.Nd6xb7 h5
47.Qc5f8 Kh7
48.Bf1d3 { resign }
1-0

[Event "Tourn. n8192"]
[Site "www.chess-mail.com"]
[Date "2015.04.27"]
[Round "1"]
[White "Antuan72"]
[Black "Picifarkinca"]
[WhiteElo "2020"]
[BlackElo "1910"]
[Result "1-0"]
[Round "1"]
1.e4 e6
2.d4 d5
3.exd5 exd5
4.Ng1f3 Bf8d6
5.Nb1c3 Bc8f5
6.Bf1e2 c6
7.O-O Nb8d7
8.Rf1e1 Ng8e7
9.h3 O-O
10.a3 h6
11.Be2f1 Nd7f6
12.Bc1d2 Ne7g6
13.Re1e2 Qd8c7
14.Qd1e1 Ra8e8
15.Re2xe8 Rf8xe8
16.Qe1d1 Bd6f4
17.Bd2xf4 { resign }
1-0

[Event "Tourn. n8192"]
[Site "www.chess-mail.com"]
[Date "2015.04.27"]
[Round "1"]
[White "Picifarkinca"]
[Black "Libiesse"]
[WhiteElo "1910"]
[BlackElo "1970"]
[Result "0-1"]
[Round "1"]
1.Ng1f3 d5
2.d4 Ng8f6
3.c4 e6
4.Bc1g5 Bf8e7
5.e3 O-O
6.Nb1c3 Nb8d7
7.Ra1c1 c5
8.Bf1d3 cxd4
9.exd4 dxc4
10.Bd3xc4 h6
11.Bg5h4 b6
12.O-O Bc8b7
13.Rf1e1 Rf8e8
14.Bh4g3 Nf6h5
15.Nf3e5 Nh5xg3
16.hxg3 Nd7xe5
{ resign }
0-1

[Event "Tourn. n8133"]
[Site "www.chess-mail.com"]
[Date "2015.04.27"]
[Round "1"]
[White "Manolinex"]
[Black "Kermet"]
[WhiteElo "2740"]
[BlackElo "2510"]
[Result "1-0"]
[Round "1"]
1.e4 c5
2.Ng1f3 Nb8c6
3.d4 cxd4
4.Nf3xd4 Ng8f6
5.Nb1c3 e5
6.Nd4b5 d6
7.Bc1g5 a6
8.Nb5a3 b5
9.Bg5xf6 gxf6
10.Nc3d5 f5
11.c3 Bf8g7
12.Bf1d3 Bc8e6
13.O-O Be6xd5
14.exd5 Nc6e7
15.Na3c2 O-O
16.a4 e4
17.Bd3e2 bxa4
18.Ra1xa4 Qd8b6
19.Ra4a2 a5
20.Qd1d2 Rf8c8
21.Rf1a1 Rc8c5
22.c4 h6
23.Nc2a3 Qb6b4
24.Qd2d1 Bg7e5
25.Na3b5 a4
26.g3 Kg7
27.b3 { resign }
1-0

[Event "Tourn. n8130"]
[Site "www.chess-mail.com"]
[Date "2015.04.27"]
[Round "1"]
[White "Blackpool"]
[Black "Syd"]
[WhiteElo "2000"]
[BlackElo "2160"]
[Result "1/2-1/2"]
[Round "1"]
1.d4 Ng8f6
2.c4 c5
3.Ng1f3 g6
4.Nb1c3 Bf8g7
5.e3 O-O
6.Bf1e2 cxd4
7.exd4 d5
8.cxd5 Nf6xd5
9.O-O Bc8g4
10.Bc1d2 Nb8c6
11.h3 Bg4f5
12.Nc3xd5 Qd8xd5
13.Bd2c3 Ra8d8
14.Qd1a4 Bf5e4
15.Rf1e1 a6
16.Be2c4 Qd5f5
17.Bc4e2 Be4xf3
18.Be2xf3 Nc6xd4
19.Bc3xd4 Rd8xd4
20.Qa4b3 Rd4d2
21.Qb3xb7 Qf5c5
22.Re1f1 Bg7d4
23.Qb7xa6 Rd2xf2
24.Rf1xf2 { draw }
1/2-1/2

[Event "Tourn. n8109"]
[Site "www.chess-mail.com"]
[Date "2015.04.27"]
[Round "1"]
[White "Generalfree"]
[Black "Jjmcbride"]
[WhiteElo "1820"]
[BlackElo "1810"]
[Result "0-1"]
[Round "1"]
1.e4 e5
2.Ng1f3 Qd8f6
3.Bf1c4 Bf8c5
4.d3 h6
5.Nb1c3 c6
6.a3 Ng8e7
7.b4 Bc5b6
8.Bc1b2 d6
9.O-O Bc8g4
10.Nc3a4 Bb6c7
11.b5 c5
12.Na4c3 O-O
13.Nc3d5 Ne7xd5
14.Bc4xd5 Nb8d7
15.Bd5xb7 Ra8b8
16.Bb7c6 Nd7b6
17.a4 Rf8d8
18.c4 Nb6c8
19.a5 Nc8e7
20.Bc6d5 Ne7g6
21.h3 Bg4c8
22.a6 Rd8f8
23.Nf3h2 Ng6f4
24.Bd5c6 Qf6g5
25.Nh2g4 Qg5h4
26.Qd1f3 f5
27.Ng4e3 fxe4
28.Qf3xe4 Bc8e6
29.Kh2 Be6xh3
30.g3 Qh4h5
31.Rf1h1 Bh3g2
32.Kg1 Qh5xh1
{ resign }
0-1

[Event "Tourn. n8132"]
[Site "www.chess-mail.com"]
[Date "2015.04.27"]
[Round "1"]
[White "Picifarkinca"]
[Black "Ochoreales"]
[WhiteElo "1930"]
[BlackElo "1990"]
[Result "0-1"]
[Round "1"]
1.Ng1f3 Ng8f6
2.b3 g6
3.Bc1b2 Bf8g7
4.c4 O-O
5.g3 d6
6.Bf1g2 e5
7.d3 Nb8c6
8.Nb1c3 Bc8f5
9.e4 Bf5e6
10.Nc3d5 Nc6d4
11.Nf3xd4 exd4
12.Bb2xd4 c5
13.Nd5xf6 Bg7xf6
{ resign }
0-1

[Event "Tourn. n8192"]
[Site "www.chess-mail.com"]
[Date "2015.04.27"]
[Round "1"]
[White "Libiesse"]
[Black "Biagio"]
[WhiteElo "1970"]
[BlackElo "1990"]
[Result "0-1"]
[Round "1"]
1.d4 d5
2.c4 e5
3.e3 exd4
4.Qd1xd4 Ng8f6
5.Nb1c3 Nb8c6
6.Qd4d1 Bf8b4
7.cxd5 Nf6xd5
8.Bc1d2 Nd5xc3
9.Bd2xc3 Bb4xc3
10.bxc3 O-O
11.Bf1b5 Qd8f6
12.Qd1c2 Bc8f5
13.e4 Bf5xe4
14.Qc2xe4 Rf8e8
15.Qe4xe8 Ra8xe8
16.Ng1e2 Qf6xc3
{ resign }
0-1

[Event "Tourn. n8077"]
[Site "www.chess-mail.com"]
[Date "2015.04.27"]
[Round "1"]
[White "Jose"]
[Black "Aperturaf"]
[WhiteElo "2700"]
[BlackElo "2330"]
[Result "1-0"]
[Round "1"]
1.Ng1f3 d5
2.b3 Ng8f6
3.Bc1b2 e6
4.e3 c5
5.c4 dxc4
6.bxc4 Bf8d6
7.Bf1e2 O-O
8.O-O Nb8c6
9.Nb1c3 a6
10.Qd1c2 b6
11.a3 h6
12.Nf3e1 Bc8b7
13.f4 Rf8e8
14.Be2f3 Qd8c7
15.Ne1d3 Ra8d8
16.Ra1b1 Nc6e7
17.Nc3e2 Nf6d7
18.Ne2g3 Bb7c6
19.Qc2c3 f6
20.Qc3c2 b5
21.Bf3h5 g6
22.Bh5e2 Ne7f5
23.Nd3f2 Kg7
24.Rf1c1 Nf5xg3
25.hxg3 e5
26.Be2d3 g5
27.Bd3e2 Re8e7
28.Qc2f5 Kh8
29.fxg5 fxg5
30.Rc1f1 Rd8f8
31.Qf5h3 Kg7
32.Nf2g4 Rf8h8
33.Be2d3 bxc4
34.Bd3c2 Bc6d5
35.Qh3h5 Nd7f8
36.Ng4f6 Qc7c6
37.Nf6xd5 Qc6xd5
38.Bb2c3 Bd6c7
39.Rf1f5 Qd5e6
40.Rb1f1 Rh8g8
41.Rf5f6 Qe6xf6
42.Rf1xf6 Kxf6
43.Qh5xh6 Nf8g6
44.Qh6h5 Re7f7
45.Qh5g4 Rf7h7
46.Qg4f3 Kg7
47.Bc2xg6 { resign }
1-0

[Event "Tourn. n8126"]
[Site "www.chess-mail.com"]
[Date "2015.04.27"]
[Round "1"]
[White "Attatroll"]
[Black "Thetrolldoll"]
[WhiteElo "1960"]
[BlackElo "1840"]
[Result "1-0"]
[Round "1"]
1.e4 d6
2.Ng1f3 Bc8g4
3.Bf1e2 Ng8f6
4.Nb1c3 e6
5.O-O c5
6.d4 cxd4
7.Nf3xd4 Bg4xe2
8.Qd1xe2 Nb8c6
9.Qe2b5 Qd8c7
10.Nd4xc6 Qc7xc6
11.Bc1e3 Qc6xb5
12.Nc3xb5 Ra8c8
13.c3 a6
14.Nb5d4 Nf6xe4
15.f3 Ne4c5
16.Ra1d1 d5
17.Nd4b3 Nc5a4
18.Rd1d2 Bf8e7
19.Be3d4 O-O
20.Nb3a5 b6
21.Na5b3 Na4c5
22.Nb3xc5 Be7xc5
23.Bd4xc5 Rc8xc5
24.Rf1d1 Rc5c4
25.Rd2d4 Rf8c8
26.Rd4xc4 Rc8xc4
27.Kf2  { time }
1-0

[Event "Tourn. n8149"]
[Site "www.chess-mail.com"]
[Date "2015.04.27"]
[Round "1"]
[White "Ffdd65"]
[Black "Guidom"]
[WhiteElo "2160"]
[BlackElo "2080"]
[Result "1-0"]
[Round "1"]
1.e4 e5
2.Ng1f3 Nb8c6
3.Bf1b5 d6
4.d4 exd4
5.Bb5xc6 bxc6
6.Nf3xd4 c5
7.Nd4e2 Bc8b7
8.Nb1c3 Ng8f6
9.f3 Bf8e7
10.O-O O-O
11.Bc1e3 Qd8c8
12.Ne2f4 Rf8d8
13.Nc3d5 Bb7xd5
14.Nf4xd5 Nf6xd5
15.exd5 Be7f6
16.Ra1b1 Ra8b8
17.b3 Qc8a6
18.a4 c4
19.Qd1e2 Rb8b4
20.Rf1e1 Qa6b7
21.Be3d2 h6
22.Bd2xb4 Qb7xb4
23.Qe2xc4 Qb4xc4
24.bxc4 Bf6d4
25.Kf1 a5
26.Re1e4 Bd4c5
27.Rb1e1 Kf8
28.Re4e7 Bc5b6
29.Re1e4 f6
30.Re7e6 Kf7
31.g4 g5
32.f4 Rd8f8
33.c3 Rf8d8
34.Kg2 Rd8d7
35.Kg3 Bb6c5
36.Re6e8 Bc5b6
37.Re8h8 gxf4
38.Kxf4 Kg6
39.h4 Rd7h7
40.h5 Kg7
41.Rh8xh7 Kxh7
42.Re4e7 Kg8
43.Kf5 Bb6e3
44.Re7xc7 { resign }
1-0

[Event "Tourn. n8030"]
[Site "www.chess-mail.com"]
[Date "2015.04.27"]
[Round "1"]
[White "Falcoale"]
[Black "Hrob71"]
[WhiteElo "1870"]
[BlackElo "1819"]
[Result "1/2-1/2"]
[Round "1"]
1.e4 e5
2.Ng1f3 Nb8c6
3.Bf1c4 Ng8f6
4.d3 d5
5.exd5 Nf6xd5
6.O-O Bf8e7
7.Rf1e1 Bc8g4
8.h3 Bg4e6
9.Nf3xe5 Nc6xe5
10.Re1xe5 Qd8d7
11.Nb1d2 O-O-O
12.Nd2f3 Be7f6
13.Re5e1 h6
14.Ra1b1 g5
15.Bc1d2 g4
16.Nf3e5 Bf6xe5
17.hxg4 Be5g7
18.f3 h5
19.g5 h4
20.Bc4b3 h3
21.g3 h2
22.Kh1 Qd7c6
23.Re1f1 Be6h3
24.Rf1f2 Bg7d4
25.Rf2xh2 Nd5e3
26.Bd2xe3 Bd4xe3
27.Bb3xf7 Bh3g4
28.Kg2 Bg4xf3
29.Qd1xf3 Qc6xf3
30.Kxf3 Rh8xh2
31.Kxe3 Rh2h7
32.g6 Rh7g7
33.Kd2 Kd7
34.Rb1h1 Ke7
35.Rh1e1 Kf8
36.Re1h1 Ke7
37.Rh1e1 Kf8
38.Re1f1 Ke7
39.Rf1e1 Kf6

1/2-1/2

[Event "Tourn. n8163"]
[Site "www.chess-mail.com"]
[Date "2015.04.27"]
[Round "1"]
[White "Francesco"]
[Black "Umzi"]
[WhiteElo "2070"]
[BlackElo "2080"]
[Result "1/2-1/2"]
[Round "1"]
1.d4 d5
2.c4 c6
3.Nb1c3 Ng8f6
4.Bc1g5 e6
5.Ng1f3 Bf8e7
6.e3 O-O
7.Bf1d3 Nb8d7
8.O-O a6
9.Qd1c2 dxc4
10.Bd3xc4 c5
11.dxc5 Nd7xc5
12.Rf1d1 Qd8c7
13.Bg5f4 Qc7b6
14.b3 Qb6a7
15.Rd1d2 b5
16.Bc4e2 Bc8b7
17.Ra1d1 Nc5e4
18.Nc3xe4 Bb7xe4
19.Be2d3 Be4xd3
20.Rd2xd3 Nf6d5
21.Rd3d4 Nd5xf4
22.Rd4xf4 Ra8d8
23.Rf4d4 Rd8xd4
24.Nf3xd4 Be7f6
25.Nd4f3 { draw }
1/2-1/2

[Event "Tourn. n8129"]
[Site "www.chess-mail.com"]
[Date "2015.04.27"]
[Round "1"]
[White "Roqueur"]
[Black "Tyty56"]
[WhiteElo "2590"]
[BlackElo "2480"]
[Result "1-0"]
[Round "1"]
1.e4 d5
2.exd5 Qd8xd5
3.Nb1c3 Qd5d6
4.d4 Ng8f6
5.Ng1f3 c6
6.Nf3e5 Nb8d7
7.Ne5c4 Qd6c7
8.a4 g6
9.g3 Bf8g7
10.Bf1g2 Nd7b6
11.Nc4e5 a5
12.O-O Bc8e6
13.Rf1e1 O-O
14.Bc1f4 Qc7c8
15.Qd1d2 Nb6d5
16.Bf4h6 Be6h3
17.Bh6xg7 Kxg7
18.Nc3xd5 cxd5
19.Bg2f3 Qc8f5
20.c4 e6
21.Ra1a3 Ra8a7
22.c5 h5
23.Qd2c1 Rf8c8
24.Bf3d1 Nf6e4
25.Ra3f3 Qf5g5
26.Rf3xf7 Kg8
27.f4 Qg5d8
28.f5 Qd8g5
29.f6 { resign }
1-0

[Event "Tourn. n8152"]
[Site "www.chess-mail.com"]
[Date "2015.04.27"]
[Round "1"]
[White "Hali"]
[Black "Difficult"]
[WhiteElo "2150"]
[BlackElo "2060"]
[Result "0-1"]
[Round "1"]
1.e4 e5
2.Nb1c3 Ng8f6
3.f4 d5
4.fxe5 Nf6xe4
5.Qd1f3 Ne4xc3
6.dxc3 Bf8e7
7.Bc1f4 c6
8.O-O-O Qd8a5
9.Kb1 Bc8e6
10.Qf3g3 g5
11.Bf4e3 d4
12.Be3xd4 Qa5xa2
13.Kc1 Nb8d7
14.Ng1f3 h6
15.Nf3d2 a5
16.Nd2b1 a4
17.c4 O-O-O
18.b3 axb3
19.cxb3 Nd7c5
20.Rd1d3 Rd8xd4
{ resign }
0-1

[Event "Tourn. n8143"]
[Site "www.chess-mail.com"]
[Date "2015.04.27"]
[Round "1"]
[White "Libiesse"]
[Black "Picifarkinca"]
[WhiteElo "1980"]
[BlackElo "1920"]
[Result "1-0"]
[Round "1"]
1.d4 e6
2.c4 Bf8b4
3.Bc1d2 Bb4xd2
4.Nb1xd2 Ng8f6
5.Ng1f3 O-O
6.e3 d6
7.Bf1e2 Nb8d7
8.O-O b6
9.Ra1c1 c5
10.Rf1e1 Bc8b7
11.Qd1b3 cxd4
12.Nf3xd4 Nd7c5
13.Qb3a3 a6
14.b4 Nc5e4
15.Qa3d3 d5
16.cxd5 Bb7xd5
17.Nd2xe4 Bd5xe4
18.Qd3c3 Ra8c8
19.Qc3xc8 Qd8xc8
20.Rc1xc8 Rf8xc8
21.Be2xa6 Rc8c3
22.Re1d1 Nf6d5
23.Nd4e2 Rc3c2
24.Ne2g3 Be4xg2
25.e4 Bg2f3
26.Rd1d4 Rc2xa2
27.Ba6c4 Ra2a1
28.Ng3f1 { resign }
1-0

[Event "Tourn. n8147"]
[Site "www.chess-mail.com"]
[Date "2015.04.27"]
[Round "1"]
[White "Pariolinius"]
[Black "Gilliere"]
[WhiteElo "1880"]
[BlackElo "1850"]
[Result "1-0"]
[Round "1"]
1.e4 e5
2.Ng1f3 d6
3.Bf1c4 h6
4.O-O Ng8f6
5.d3 Nb8d7
6.Bc1e3 a6
7.Nb1d2 b5
8.Bc4b3 Bc8b7
9.c3 Bf8e7
10.Ra1c1 O-O
11.Rf1e1 Nf6g4
12.Nd2f1 Ng4xe3
13.Nf1xe3 Nd7c5
14.Bb3c2 a5
15.Ne3d5 Bb7xd5
16.exd5 Be7g5
17.Nf3xg5 Qd8xg5
18.Re1e3 a4
19.Re3g3 Qg5e7
20.Qd1h5 Qe7f6
21.Rc1e1 Rf8e8
22.Re1e3 Nc5d7
23.Re3f3 Qf6e7
24.Qh5xh6 Qe7f8
25.d4 g6
26.Rg3xg6 fxg6
27.Rf3xf8 Nd7xf8
28.h4 Re8e7
29.Qh6g5 Re7g7
30.h5 gxh5
31.Qg5xh5 exd4
32.cxd4 Ra8e8
33.Qh5xe8 { resign }
1-0

[Event "Tourn. n8192"]
[Site "www.chess-mail.com"]
[Date "2015.04.27"]
[Round "1"]
[White "Picifarkinca"]
[Black "Biagio"]
[WhiteElo "1910"]
[BlackElo "1990"]
[Result "0-1"]
[Round "1"]
1.Ng1f3 c5
2.e4 d6
3.Bf1b5 Nb8d7
4.c4 Ng8f6
5.Nb1c3 g6
6.O-O Bf8g7
7.d4 cxd4
8.Nf3xd4 O-O
9.Rf1e1 a6
10.Bb5a4 Nd7b6
11.Ba4b3 Bc8d7
{ resign }
0-1

[Event "Match"]
[Site "www.echecsemail.com"]
[Date "2015.04.27"]
[Round "1"]
[White "Luzhin"]
[Black "Andradamaria"]
[WhiteElo "2230"]
[BlackElo "2249"]
[Result "1/2-1/2"]
[Round "1"]
1.d4 Ng8f6
2.Ng1f3 g6
3.g3 d5
4.Bf1g2 Bf8g7
5.c4 e6
6.O-O O-O
7.Nb1c3 c6
8.Qd1d3 Nb8d7
9.Rf1d1 e5
10.dxe5 Nf6g4
11.cxd5 Ng4xe5
12.Nf3xe5 Nd7xe5
13.Qd3c2 Bc8f5
14.Qc2b3 Qd8e7
15.h3 Ra8d8
16.e4 Bf5c8
17.Bc1e3 Kh8
18.Be3xa7 b5
19.Ba7b6 Rd8d7
20.dxc6 Ne5xc6
21.Nc3d5 { draw }
1/2-1/2

[Event "Match"]
[Site "www.echecsemail.com"]
[Date "2015.04.27"]
[Round "1"]
[White "Kcriss"]
[Black "Cyrilgeorge"]
[WhiteElo "1389"]
[BlackElo "1429"]
[Result "1-0"]
[Round "1"]
1.e4 e5
2.Ng1f3 Nb8c6
3.Bf1b5 d6
4.Nb1c3 Ng8e7
5.O-O a6
6.Bb5a4 b5
7.Ba4b3 Nc6d4
8.Nf3xd4 exd4
9.Nc3d5 Ne7xd5
10.Bb3xd5 Ra8b8
11.Qd1h5 g6
12.Qh5f3 Bc8e6
13.Bd5c6 Be6d7
14.Bc6xd7 Qd8xd7
15.Qf3f6 Rh8g8
16.Qf6xd4 Bf8g7
17.Qd4e3 c5
18.Qe3a3 Rb8a8
19.c3 a5
20.d4 cxd4
21.cxd4 Bg7xd4
22.Rf1d1 b4
23.Qa3d3 Bd4c5
24.Bc1g5 Qd7g4
25.Qd3d5 Ra8a7
26.Qd5e5 Qg4e6
27.Qe5xc5 Ra7a8
28.Rd1xd6 Qe6xe4
29.Bg5f6 Qe4f5
30.Rd6d8 Ra8xd8
31.Qc5e7 
1-0

[Event "Match"]
[Site "www.echecsemail.com"]
[Date "2015.04.27"]
[Round "1"]
[White "Panham"]
[Black "Expert"]
[WhiteElo "2000"]
[BlackElo "1680"]
[Result "1-0"]
[Round "1"]
1.d4 d5
2.c4 e6
3.Nb1c3 Ng8f6
4.cxd5 exd5
5.Bc1g5 c6
6.e3 Bf8e7
7.Ng1f3 O-O
8.Qd1c2 h6
9.Bg5h4 Rf8e8
10.Bf1e2 Bc8g4
11.h3 Bg4xf3
12.Be2xf3 Nb8d7
13.Bh4g3 Nd7f8
14.O-O Nf8g6
15.Ra1b1 a5
16.a3 Be7d6
17.Bg3xd6 Qd8xd6
18.Nc3a4 Re8e7
19.Na4c5 b6
20.Nc5a4 Nf6e4
21.Rb1c1 b5
22.Na4c5 Ne4xc5
23.Qc2xc5 Qd6xc5
24.Rc1xc5 Re7e6
25.Rf1c1 Ng6e7
26.Bf3g4 f5
27.Bg4f3 Ra8b8
28.Kh2 Rb8b6
29.g4 g6
30.gxf5 Ne7xf5
31.Bf3g4 Kf7
32.Bg4xf5 gxf5
33.Rc1g1 Re6g6
34.Rg1xg6 Kxg6
35.Kg3 a4
36.Kf4 Kf6
37.Rc5c1 Rb6a6
38.Rc1g1 Ra6a8
39.h4 Ra8a7
40.h5 Ra7e7
41.Rg1g6 Kf7
42.Kxf5 Re7e4
43.Rg6xc6 { resign }
1-0

[Event "Match"]
[Site "www.echecsemail.com"]
[Date "2015.04.27"]
[Round "1"]
[White "Rob33"]
[Black "Colchester"]
[WhiteElo "2069"]
[BlackElo "1920"]
[Result "0-1"]
[Round "1"]
1.e4 c6
2.d4 d5
3.Nb1c3 g6
4.Bc1f4 Bf8g7
5.Ng1f3 Ng8f6
6.Nf3g5 dxe4
7.Nc3xe4 Nf6xe4
8.Ng5xe4 Qd8xd4
9.Qd1xd4 Bg7xd4
10.c3 Bd4g7
11.Bf1e2 O-O
12.O-O e5
13.Bf4e3 Nb8d7
14.Ne4d6 Nd7f6
15.Nd6xc8 Ra8xc8
16.Ra1d1 b6
17.f4 Nf6d5
18.Rd1d3 Nd5xe3
19.Rd3xe3 exf4
20.Rf1xf4 Bg7h6
{ resign }
0-1

[Event "Match"]
[Site "www.echecsemail.com"]
[Date "2015.04.27"]
[Round "1"]
[White "Alanocturna"]
[Black "Derik"]
[WhiteElo "1580"]
[BlackElo "1460"]
[Result "1-0"]
[Round "1"]
1.g3 e5
2.Bf1g2 d5
3.Nb1c3 Ng8f6
4.e4 d4
5.Nc3d5 Nf6xd5
6.exd5 g6
7.c4 c5
8.d3 Bf8g7
9.Ng1f3 O-O
10.O-O Qd8b6
11.Rf1e1 Bc8f5
12.Ra1b1 Bf5g4
13.Bc1d2 Nb8d7
14.b4 Qb6a6
15.bxc5 Qa6xa2
16.Rb1xb7 Qa2a3
17.Qd1c2 Nd7xc5
18.Bd2b4 Qa3a6
19.Rb7b5 Nc5a4
20.Rb5a5 Qa6b6
21.Ra5xa4 Rf8e8
22.d6 Bg7f8
23.c5 Qb6b5
24.Nf3xe5 Re8c8
25.Bg2xa8 Rc8xa8
26.Ne5xg4 Qb5d7
27.Ng4f6 Kg7
28.Nf6xd7 h5
29.Nd7b6 Ra8b8
30.Ra4xa7 Kh6
31.Ra7a8 Rb8xa8
32.Nb6xa8 { resign }
1-0

[Event "Match"]
[Site "www.echecsemail.com"]
[Date "2015.04.27"]
[Round "1"]
[White "Maestro"]
[Black "Generalfree"]
[WhiteElo "1880"]
[BlackElo "1920"]
[Result "0-1"]
[Round "1"]
1.c4 d5
2.e3 Ng8f6
3.Nb1c3 c6
4.d4 g6
5.b3 Bc8f5
6.Ng1f3 Nb8d7
7.Bf1d3 Bf5xd3
8.Qd1xd3 Bf8g7
9.Bc1b2 dxc4
10.bxc4 Qd8b6
11.Bb2a3 Qb6a5
12.Ba3b2 c5
13.O-O cxd4
14.exd4 e6
15.Rf1e1 a6
16.Ra1b1 Ra8d8
17.d5 Nd7c5
18.Qd3c2 b5
19.cxb5 axb5
20.dxe6 Nc5xe6
21.Nf3e5 Qa5a6
22.Qc2b3 O-O
23.Ne5f3 Ne6c5
24.Qb3xb5 Qa6xb5
25.Nc3xb5 Nc5d3
26.Re1e2 Rd8b8
27.Bb2xf6 Bg7xf6
28.Nb5d4 Rb8xb1
29.Nf3e1 Nd3xe1
30.g4 Ne1f3
31.Kg2 Nf3xd4
32.Re2e3 Bf6g5
33.Re3e4 Rf8d8
34.f4 Rb1b2
35.Kf1 Bg5h4
{ resign }
0-1

[Event "Match"]
[Site "www.echecsemail.com"]
[Date "2015.04.27"]
[Round "1"]
[White "Swampcat"]
[Black "Bojan"]
[WhiteElo "1359"]
[BlackElo "1960"]
[Result "0-1"]
[Round "1"]
1.e4 e5
2.Ng1f3 d6
3.d4 exd4
4.Nf3xd4 g6
5.Nb1c3 Bf8g7
6.Bf1b5 c6
7.Bb5a4 Qd8f6
8.Bc1e3 Nb8a6
9.a3 Na6c5
10.Ba4b3 Ng8h6
11.f3 Nc5xb3
12.Nd4xb3 O-O
13.Be3d4 Qf6e6
14.Bd4xg7 Kxg7
15.Qd1d4 f6
16.O-O-O Nh6f7
17.Nb3a5 Rf8d8
18.Na5c4 b6
19.a4 Bc8a6
20.b3 Ba6xc4
21.Qd4xc4 Qe6xc4
22.bxc4 Nf7e5
23.h4 Ne5xc4
24.Rd1d3 Rd8d7
25.Rh1d1 Ra8d8
26.f4 h6
27.g4 a6
28.Rd3d4 b5
29.axb5 cxb5
30.Nc3d5 Rd8c8
31.Rd4xc4 Rc8xc4
32.Nd5b6 Rc4c7
33.Nb6xd7 Rc7xd7
34.Kb2 Kf7
35.Rd1a1 Rd7a7
36.c3 Ke6
37.Kb3 a5
38.c4 b4
39.Ra1c1 Kd7
40.Rc1c2 Kc6
{ resign }
0-1

[Event "Match"]
[Site "www.echecsemail.com"]
[Date "2015.04.27"]
[Round "1"]
[White "Billyg"]
[Black "Julianlore"]
[WhiteElo "1620"]
[BlackElo "1499"]
[Result "0-1"]
[Round "1"]
1.e4 c5
2.Ng1f3 Nb8c6
3.Bf1b5 Nc6a5
4.d4 a6
5.Bb5a4 b5
6.b4 Na5c6
7.Ba4b3 c4
8.Bb3xc4 bxc4
9.Bc1d2 e6
10.O-O Ng8f6
11.Rf1e1 d5
12.exd5 Nf6xd5
13.a3 Bc8b7
14.Nb1c3 Nd5xc3
15.Bd2xc3 Qd8d5
16.Nf3e5 Nc6xe5
17.f3 Ne5g6
18.Bc3d2 Qd5xd4
19.Bd2e3 Qd4xd1
20.Ra1xd1 Ra8d8
21.Rd1xd8 Kxd8
22.Be3b6 Kd7
23.Re1d1 Bb7d5
24.Bb6c5 Bf8xc5
25.bxc5 Rh8b8
26.Kf2 Rb8b2
27.Rd1c1 Kc6
{ resign }
0-1

[Event "Match"]
[Site "www.echecsemail.com"]
[Date "2015.04.27"]
[Round "1"]
[White "Billyg"]
[Black "F14"]
[WhiteElo "1630"]
[BlackElo "1880"]
[Result "0-1"]
[Round "1"]
1.e4 c5
2.d4 cxd4
3.Qd1xd4 Nb8c6
4.Qd4e3 e5
5.c3 Ng8f6
6.Nb1d2 d5
7.b4 d4
8.cxd4 Nc6xd4
9.Qe3d3 Qd8c7
10.Bc1b2 Nd4c2
11.Kd1 Nc2xa1
12.Bb2xa1 Bf8xb4
13.Qd3b5 Bc8d7
14.Qb5xb4 a5
15.Qb4a3 b5
16.Qa3g3 O-O
17.Ba1xe5 Qc7c6
18.h3 Nf6h5
19.Qg3h4 g6
20.Ng1f3 f6
21.Be5b2 Ra8c8
22.Bf1d3 Qc6d6
23.Nf3e1 Nh5f4
24.e5 fxe5
25.Bd3f1 Qd6d5
26.a4 bxa4
27.f3 Bd7f5
28.Qh4f2 Rf8d8
29.Bb2c1 Qd5b3
{ resign }
0-1

[Event "Match"]
[Site "www.echecsemail.com"]
[Date "2015.04.27"]
[Round "1"]
[White "Carloswhizz"]
[Black "Bluetealeaf"]
[WhiteElo "1750"]
[BlackElo "1730"]
[Result "1-0"]
[Round "1"]
1.e4 e5
2.f4 d6
3.Ng1f3 f6
4.Bf1c4 Qd8e7
5.O-O Nb8c6
6.Nb1c3 Bc8e6
7.Bc4b5 a6
8.Bb5xc6 bxc6
9.d4 Ra8d8
10.f5 Be6c4
11.Rf1e1 Ng8h6
12.b3 Bc4f7
13.Bc1xh6 gxh6
14.Nc3e2 Bf8g7
15.c3 Bf7h5
16.Re1f1 Bh5g4
17.h3 Bg4xf3
18.Rf1xf3 Qe7f7
19.c4 Qf7h5
20.Ne2g3 Qh5f7
21.d5 c5
22.b4 O-O
23.Qd1a4 Rd8a8
24.bxc5 h5
25.cxd6 cxd6
26.Ra1c1 Bg7h6
27.Rc1c2 Bh6f4
28.c5 h4
29.Ng3e2 Rf8d8
30.c6 Qf7e8
31.Ne2xf4 exf4
32.Rf3xf4 Qe8h5
33.Rf4g4 Kf7
34.c7 Rd8c8
35.Qa4d7 Kf8
36.Qd7xd6 Kf7
37.Qd6e6 Kf8
38.Rg4g8 
1-0

[Event "Match"]
[Site "www.echecsemail.com"]
[Date "2015.04.27"]
[Round "1"]
[White "Bbking"]
[Black "Alexgabib"]
[WhiteElo "1490"]
[BlackElo "1499"]
[Result "0-1"]
[Round "1"]
1.e4 e6
2.e5 c5
3.d4 cxd4
4.Qd1xd4 Nb8c6
5.Qd4f4 Qd8a5
6.Bc1d2 Qa5xe5
7.Qf4xe5 Nc6xe5
8.Nb1c3 Ng8f6
9.Ng1f3 Ne5xf3
10.gxf3 b6
11.Bf1b5 Bc8b7
12.f4 Bb7xh1
13.O-O-O Bh1c6
14.Bb5xc6 dxc6
15.a3 Nf6d5
16.Nc3xd5 cxd5
17.b4 Bf8d6
18.h4 Ra8c8
19.f3 Kd7
20.f5 e5
21.Bd2c3 Rc8xc3
22.Rd1xd5 Rh8c8
23.Rd5d2 Ke7
24.a4 Bd6xb4
25.h5 Bb4a3
{ resign }
0-1

[Event "Match"]
[Site "www.echecsemail.com"]
[Date "2015.04.27"]
[Round "1"]
[White "Generalfree"]
[Black "Nestor"]
[WhiteElo "1750"]
[BlackElo "2150"]
[Result "0-1"]
[Round "1"]
1.e4 Ng8f6
2.e5 Nf6d5
3.d4 d6
4.c4 Nd5b6
5.Nb1c3 g6
6.f4 dxe5
7.fxe5 Bf8g7
8.Ng1f3 O-O
9.Bf1d3 Nb8c6
10.Bc1e3 Bc8g4
11.Nc3e2 Bg4xf3
12.gxf3 e6
13.c5 Nb6d5
14.Be3d2 Qd8h4
15.Ne2g3 Nc6xd4
16.O-O Bg7xe5
17.Rf1f2 Be5xg3
18.hxg3 Qh4xg3
19.Rf2g2 Nd4xf3
{ resign }
0-1

[Event "Match"]
[Site "www.echecsemail.com"]
[Date "2015.04.27"]
[Round "1"]
[White "Jafarhayder"]
[Black "Paco"]
[WhiteElo "1250"]
[BlackElo "1840"]
[Result "0-1"]
[Round "1"]
1.d4 d5
2.c4 dxc4
3.e3 Bc8e6
4.e4 Ng8f6
5.Nb1c3 Qd8d6
6.e5 Qd6a6
7.exf6 exf6
8.a4 Bf8b4
9.Bc1d2 Nb8c6
10.Nc3b5 O-O-O
11.Bd2xb4 Nc6xb4
12.Ra1c1 Qa6a5
13.Bf1xc4 Nb4a2
{ resign }
0-1

[Event "Match"]
[Site "www.echecsemail.com"]
[Date "2015.04.27"]
[Round "1"]
[White "Gorkadel"]
[Black "Bbking"]
[WhiteElo "1499"]
[BlackElo "1480"]
[Result "1-0"]
[Round "1"]
1.e4 e5
2.Ng1f3 Nb8c6
3.Nb1c3 Bf8b4
4.Nc3d5 Ng8f6
5.Nd5xb4 Nc6xb4
6.c3 Nb4c6
7.d4 d6
8.dxe5 dxe5
9.Qd1xd8 Kxd8
10.Bc1g5 h6
11.Bg5xf6 gxf6
12.Bf1c4 Bc8g4
13.Bc4xf7 Bg4xf3
14.gxf3 Ke7
15.Bf7b3 Kd7
16.Rh1g1 Rh8g8
17.Rg1xg8 Ra8xg8
18.Bb3xg8 b6
19.O-O-O Kc8
20.Bg8e6 Kb7
21.Be6d5 h5
22.Bd5xc6 Kxc6
23.b4 b5
24.Kc2 Kb6
25.Kb3 a5
26.bxa5 Kxa5
27.Rd1d5 { resign }
1-0

[Event "Match"]
[Site "www.echecsemail.com"]
[Date "2015.04.27"]
[Round "1"]
[White "Chapi"]
[Black "Generalfree"]
[WhiteElo "2010"]
[BlackElo "1900"]
[Result "1-0"]
[Round "1"]
1.e4 c6
2.Ng1f3 d5
3.exd5 Qd8xd5
4.Nb1c3 Qd5h5
5.Bf1e2 Bc8g4
6.d4 e6
7.Nf3e5 Bg4xe2
8.Qd1xe2 Qh5xe2
9.Nc3xe2 f6
10.Ne5d3 a5
11.Ne2f4 Ke7
12.Nd3c5 g5
13.Nf4xe6 b6
14.Ne6xf8 bxc5
15.Nf8xh7 Rh8xh7
16.dxc5 Nb8d7
17.Bc1e3 Rh7h4
18.b3 Rh4e4
19.O-O-O Re4e5
20.Rh1e1 Ng8h6
21.f4 Re5e6
22.fxg5 Nh6g4
23.gxf6 Nd7xf6
24.Be3g5 Ng4f2
25.Re1xe6 Kxe6
26.Rd1d6 Kf5
27.Bg5xf6 Nf2e4
28.Rd6d8 Ra8a7
29.Bf6d4 Kg4
30.Kb2 Ra7h7
31.Bd4g1 Ne4g5
32.Rd8a8 Rh7f7
33.Ra8xa5 Rf7f1
34.Bg1e3 { resign }
1-0

[Event "Match"]
[Site "www.echecsemail.com"]
[Date "2015.04.27"]
[Round "1"]
[White "Generalfree"]
[Black "Fangshuo"]
[WhiteElo "1900"]
[BlackElo "2040"]
[Result "0-1"]
[Round "1"]
1.e4 e6
2.Ng1f3 d5
3.exd5 exd5
4.d4 Ng8f6
5.Bc1f4 c5
6.Bf4e5 Nb8c6
7.Be5xf6 Qd8xf6
8.Qd1e2 Bc8e6
9.c3 cxd4
10.Qe2b5 O-O-O
11.cxd4 Bf8b4
12.Nb1c3 Nc6xd4
13.Nf3xd4 Qf6xd4
14.Ra1c1 Rh8e8
15.Bf1e2 Kb8
16.Rc1d1 Bb4xc3
17.Kf1 Qd4xd1
18.Be2xd1 Be6d7
{ resign }
0-1

[Event "Match"]
[Site "www.echecsemail.com"]
[Date "2015.04.27"]
[Round "1"]
[White "Gaspard"]
[Black "Jafarhayder"]
[WhiteElo "1800"]
[BlackElo "1250"]
[Result "1-0"]
[Round "1"]
1.e4 e6
2.d4 d5
3.exd5 exd5
4.Ng1f3 Bf8d6
5.c4 dxc4
6.Bf1xc4 Ng8f6
7.O-O O-O
8.Nb1c3 Bc8g4
9.Bc1g5 Nb8d7
10.Qd1d3 c6
11.Rf1e1 Qd8c7
12.h3 Bg4h5
13.Nc3e4 Nf6xe4
14.Qd3xe4 Rf8e8
15.Qe4f5 Bh5g6
16.Qf5g4 h6
17.Bg5d2 Nd7f6
18.Qg4xg6 Kf8
19.Qg6c2 Bd6f4
20.Bd2xf4 Qc7xf4
21.Qc2b3 Nf6e4
22.Qb3xb7 Ra8b8
23.Re1xe4 { resign }
1-0